Statystyki dla Trenerzy Piłkarskiej Reprezentacji Polski

Kliknij tutaj aby rozwiązać quiz!

Ogólne statystyki

  • Ten quiz został rozwiązany 5 373 razy
    (367 od ostatniego zresetowania)
  • Średni wynik to 11 z 19

Statystyki odpowiedzi

LataTrener% Poprawnych
2013-2018Adam Nawałka
97%
2023Fernando Santos
94%
2021Paulo Sousa
93%
2022Czesław Michniewicz
92%
2018-2021Jerzy Brzęczek
89%
2009-2012Franciszek Smuda
84%
2002-2002Zbigniew Boniek
83%
2012-2013Waldemar Fornalik
74%
2000-2002Jerzy Engel
67%
2002-2006Paweł Janas
64%
2006-2009Leo Beenhakker
53%
1996-1997Antoni Piechniczek
52%
2009-2009Stefan Majewski
45%
1997-1999Janusz Wójcik
42%
1989-1993Andrzej Strejlau
36%
1993-1995Henryk Apostel
24%
1997-1997Krzysztof Pawlak
10%
1995-1996Władysław Stachurski
10%
1993-1993Lesław Ćmikiewicz
7%

Rozkład punktacji

Percentyl według liczby udzielonych odpowiedzi

Procent ludzi z każdym wynikiem

Twoja historia wyników

Nie rozwiązałeś tego quizu od ostatniego zresetowania